| 000 | 01120nam a2200313Ia 4500 | ||
|---|---|---|---|
| 003 | OSt | ||
| 005 | 20221007125359.0 | ||
| 006 | a|||||r|||| 00| 0 | ||
| 007 | ta | ||
| 008 | 221006b |||||||| |||| 00| 0 eng d | ||
| 020 |
_a3540672567 (pbk) _cEuro 49.95 |
||
| 024 | _a9966 | ||
| 037 |
_bDhanraj, _cTextual |
||
| 040 |
_aCDL _cCDL _beng |
||
| 041 |
_2eng _aeng |
||
| 082 | _aE92Z2:3,T5, P1 | ||
| 100 |
_aJames Peter Ed _9721872 |
||
| 245 | 0 | _aProteome research: mass spectrometry ed by Peter James | |
| 260 |
_aBerlin _bSpringer-Verlag _c2001 |
||
| 300 |
_axxi, 274p _ccm. |
||
| 490 | _aPrinciples and practice | ||
| 500 | _aIncludes bibliographical references; Index 271-274p; ^n23/CSL/CARC/2002-2003/376^d2002-09-25^mPurchase; ; 2002-03/301^b2002-10-24^c073^d2002-10-16^eRs.6,681.57^fDhanraj Book House; ; 2003-01-22^bSB^c2003-09-03^dS C Jindal | ||
| 650 | _a Analytical Chemistry | ||
| 650 |
_a Mass Spectrometry _9717778 |
||
| 650 |
_a Proteins _9400913 |
||
| 650 | _aChemistry | ||
| 942 |
_hE92Z2:3,T5, P1 _cTEXL _2CC |
||
| 999 |
_c1215179 _d1215179 |
||